000 00453nam a2200181Ia 4500
001 8593
005 20260306160621.0
008 260306t2013||||xx |||||||||||||| ||spa||
041 _aESP
082 _a371.2
_bA49
100 _aÁlvarez, Manuel
_eAUT
245 0 _aLiderazgo compartido:
_bbuenas prácticas de dirección escolar
260 _c2013
300 _a222 páginas :
_c24 cm.
650 _aGEN
654 _aCED
942 _cLIB
_dJUS
_fJUS
_2ddc
_n
999 _c8593
_d8593